000 00314nam a2200133Ia 4500
005 20251222144644.0
008 251222s9999||||xx |||||||||||||| ||spa||
020 _a84-7490-524-9
082 _a940.232/D97
100 _aDumont, Jean
245 0 _aLepanto, la Historia Oculta
264 _bEncuentro
942 _cLIB
999 _c16790
_d16790